000 01178nam a2200229Ii 4500
003 JO-AjNU
005 20240623114106.0
008 230605s9999||||xx |||||||||||||| ||und||
040 _aJO-AjNU
_bara
_erda
_cJO-AjNU
041 _aara
050 1 4 _aHG1710.S58.2005
100 3 _aإعداد جلال عايد الشورة؛ إشراف إبراهيم العموش,
_eauthor
_946736
245 0 0 _aوسائل الدفع الإلكتروني = Electronic payment instruments 
264 3 1 _aعمان: جامعة عمان العربية ، 2005
300 _a112 ورقة
336 _atext
_btxt
_2rdacontent
337 _aunmediated
_bn
_2rdamedia
338 _avolume
_bnc
_2rdacarrier
500 _aرسالة جامعية (ماجستير في القانون )--جامعة عمان العربية ، كلية الدراسات القانونية العليا ، 2005
650 4 _aالأوراق التجارية -- حاسبات إلكترونية -- البنوك -- معالجة البيانات إلكترونيا -- الأوراق التجارية -- قوانين و تشريعات -- بطاقات الائتمان -- قوانين و تشريعات
_946737
942 _2lcc
_cTHS
999 _c23922
_d23922